Equity shares prefered shares and stock market indices (Record no. 188818)

MARC details
000 -LEADER
fixed length control field 00523nam a2200169Ia 4500
005 - DATE AND TIME OF LATEST TRANSACTION
control field 20250509142834.0
008 - FIXED-LENGTH DATA ELEMENTS--GENERAL INFORMATION
fixed length control field 231217s9999 xx 000 0 und d
020 ## - INTERNATIONAL STANDARD BOOK NUMBER
International Standard Book Number 9780070620872
082 ## - DEWEY DECIMAL CLASSIFICATION NUMBER
Classification number 332.6322 PAR;1 R
100 ## - MAIN ENTRY--PERSONAL NAME
Personal name Parameswaran, Sunil K.
245 #0 - TITLE STATEMENT
Title Equity shares prefered shares and stock market indices
260 ## - PUBLICATION, DISTRIBUTION, ETC. (IMPRINT)
Date of publication, distribution, etc. 2007
Name of publisher, distributor, etc. T M H
Place of publication, distribution, etc. New Delhi
300 ## - PHYSICAL DESCRIPTION
Extent 90
650 ## - SUBJECT ADDED ENTRY--TOPICAL TERM
Topical term or geographic name as entry element Equity,shares,prefered,shares,market,indices
942 ## - ADDED ENTRY ELEMENTS (KOHA)
Koha item type Books
400 ## - SERIES STATEMENT/ADDED ENTRY--PERSONAL NAME [OBSOLETE, CAN/MARC], [LOCAL, USA]
Personal name Equity shares prefered shares and stock market indices
Holdings
Date last seen Total Checkouts Full call number Accession number Old discount Cost, replacement price Price effective from Category Lost status Damaged status Department Withdrawn status bill no. bill date Permanent Location Current Location Shelving location Entry date Vendor Cost, normal purchase price Grants Currency symbol Conversion rate Discount Discount type
26/01/2024   332.6322 PAR;1 R 73584 20 120.00 26/01/2024 Books     Central Library   SIPHO/2010/CRB/403 25/02/2014 Central Library Central Library Central Library 29/09/2010 Surya Infotainment Products Pvt. Ltd. 150.00 MBA RS 1 30 Rupees
26/01/2024   332.6322 PAR;2 R1 73585 20 120.00 26/01/2024 Books     Central Library   SIPHO/2010/CRB/403 25/02/2014 Central Library Central Library Central Library 29/09/2010 Surya Infotainment Products Pvt. Ltd. 150.00 MBA RS 1 30 Rupees

© For any Suggestions or Query, please contact the library staff @ librarian@pes.edu or Phone: +9180 2672 1983/ 2108.